ბათუმის შოთა რუსთაველის სახელმწიფო უნივერსიტეტის ბიბლიოთეკა

ეკონომიკსი : პრინციპები , პრობლემები და პოლიტიკა (ბიბ.ჩანაწერი № 36931)

000 -ლიდერი
ფიქსირებული სიგრძის საკონტროლო ველი 01218nam a2200265Ia 4500
001 - საკონტროლო ნომერი
საკონტროლო ველი 2882
003 - საკონტროლო ნომრის იდენტიფიკატორი
საკონტროლო ველი GE_BSU
005 - ბოლო ოპერაციის თარიღი და დრო
საკონტროლო ველი 20200127141822.0
008 - ფიქსირებული სიგრძის მონაცემთა ელემენტები - ზოგადი ინფორმაცია
ფიქსირებული სიგრძის საკონტროლო ველი 181216s1997|||| |||||||||||||| ||geo||
040 ## - კატალოგიზაციის წყარო
Transcribing agency GE_BSU
041 ## - ენის კოდი
Language code of text/sound track or separate title geo
080 ## - უნივერსალური ათობითი კლასიფიკაციის ინდექსი
Universal Decimal Classification number 330.1(075.8)+330.342.14+330.52
100 ## - მთავარი ჩანაწერი - პიროვნების სახელი
Personal name მაკკონელი, კ. რ.
9 (RLIN) 426
245 ## - ცნობა სათაურის შესახებ
Title ეკონომიკსი : პრინციპები , პრობლემები და პოლიტიკა
Remainder of title ოთხ ნაწილად . ნაწ. lV /
Statement of responsibility, etc კ.რ მაკკონელი , ს.ლ ბრიუ , მთარგმნ : კ. ღურწკაია , რ. გოგოხია.
264 ## - წარმოების, გამოცემის, დისტრიბუციის და სხვა ცნობები
გამოცემის, წარმოების, დისტრიბუციის... ადგილი თბ.,
გამოცემის, წარმოების, დისტრიბუციის... თარიღი 1997.
300 ## - ფიზიკური აღწერა
Extent 505 გვ :
Dimensions 20 სმ.
653 ## - INDEX TERM--UNCONTROLLED
Uncontrolled term ეკონომიკსი
653 ## - INDEX TERM--UNCONTROLLED
Uncontrolled term ეროვნული სიმდიდრე
653 ## - INDEX TERM--UNCONTROLLED
Uncontrolled term საბაზრო ეკონომიკა
653 ## - INDEX TERM--UNCONTROLLED
Uncontrolled term ეკონომიკა
700 ## - ADDED ENTRY--PERSONAL NAME
Personal name ბრიუ, ს.ლ.
9 (RLIN) 415
Relator term ავტორი
700 ## - ADDED ENTRY--PERSONAL NAME
Personal name ღურწკაია, კ.
Relator term მთარგმნელი
9 (RLIN) 427
700 ## - ADDED ENTRY--PERSONAL NAME
Personal name გოგოხია , რ.
Relator term რედაქტორი
9 (RLIN) 417
942 ## - ADDED ENTRY ELEMENTS (KOHA)
Koha item type წიგნი
Source of classification or shelving scheme
ეგზემპლარები
ჩამოწერის სტატუსი დაკარგული ეგზემპლარის სტატუსი კლასიფიკაციის წყარო ან თაროზე გაწყობის სქემა დაზიანების სტატუსი არ გაიცემა მუდმივი მდებარეობა (დაცვის ადგილი) ამჟამინდელი ადგილსამყოფელი თაროზე განთავსების ადგილი შეძენის თარიღი ღირებულება, შესყიდვის ნორმალური ფასი სრული შენახვის შიფრი შტრიხკოდი ბოლო ოპერაციის თარიღი ეგზემპლარის მიმდევრობითი ნომერი (კეტერი?) ფასის ძალაში შესვლის თარიღი ეგზემპლარის სახეობა საჯარო შენიშვნა Uniform Resource Identifier
          ბათუმის შოთა რუსთაველის სახელმწიფო უნივერსიტეტის მთავარი ბიბლიოთეკა ბათუმის შოთა რუსთაველის სახელმწიფო უნივერსიტეტის მთავარი ბიბლიოთეკა წიგნსაცავი 2018-12-17 12.00 330.1(075.8)+330.342.14+330.52მ-19 7662 2018-12-17 7662 2018-12-17 წიგნი 12 ლ.  
          ბათუმის შოთა რუსთაველის სახელმწიფო უნივერსიტეტის მთავარი ბიბლიოთეკა ბათუმის შოთა რუსთაველის სახელმწიფო უნივერსიტეტის მთავარი ბიბლიოთეკა წიგნსაცავი 2018-12-17 12.00 330.1(075.8)+330.342.14+330.52 მ-19 7663 2018-12-17 7663 2018-12-17 წიგნი 12 ლ.  
          ბათუმის შოთა რუსთაველის სახელმწიფო უნივერსიტეტის მთავარი ბიბლიოთეკა ბათუმის შოთა რუსთაველის სახელმწიფო უნივერსიტეტის მთავარი ბიბლიოთეკა წიგნსაცავი 2018-12-17 12.00 330.1(075.8)+330.342.14+330.52 მ-19 7664 2018-12-17 7664 2018-12-17 წიგნი 12 ლ.  
          ბათუმის შოთა რუსთაველის სახელმწიფო უნივერსიტეტის მთავარი ბიბლიოთეკა ბათუმის შოთა რუსთაველის სახელმწიფო უნივერსიტეტის მთავარი ბიბლიოთეკა წიგნსაცავი 2022-10-28 9.50 330.1(075.8)+330.342.14+330.52 მ-19 28816 2022-10-28 28816 2022-10-28 წიგნი 9ლ. 50თ.  
          ბათუმის შოთა რუსთაველის სახელმწიფო უნივერსიტეტის მთავარი ბიბლიოთეკა ბათუმის შოთა რუსთაველის სახელმწიფო უნივერსიტეტის მთავარი ბიბლიოთეკა   2024-07-30 10.00 330.1(075.8)+330.342.14+330.52მ-19 66066 2024-07-30 66066 2024-07-30 წიგნი 10.00 ნაჩუქარი